Citazioni di film/serie TV: livello estremo - Statistics

Statistiche generali
  • Questo quiz è stato fatto 403 volte
  • Il punteggio medio è 2 su 12
Statistiche sulle risposte
Citazione Film/serie TV % Corretto
Penso che ancora non siete pronti per questa musica. Ma ai vostri figli piacerà. ritorno al futuro
86%
Avvicinatevi. Più vicini. Perché più pensate di vedere, più sarà facile ingannarvi now you see me
31%
Lui non è esattamente l'uomo nero. Lui è quello che mandi ad uccidere l'uomo nero john wick
30%
Certo che tu sei veramente il campione olimpico dei minchioni, eh! chiedimi se sono felice
13%
Una cacca sul pavimento? Potrebbe anche essere il pavimento sulla cacca, come direbbe Kierkegaard ted
8%
Adoro Halloween: è l'unico periodo dell'anno in cui tutti indossano una maschera, non solo io dexter
6%
Se scappo dalla prigione diventerò un fuggitivo e io non fuggo dalla legge. Io sono la legge chuck
2%
Il disabile che muore in un incidente con il cieco alla guida! fuga di cervelli
2%
Una bugia è solo una bella storia che qualcuno rovina con la verità how i met your mother
2%
Non credo nelle coincidenze; preferisco l'inevitabilità. Ogni evento è inevitabile. Se non lo fosse non accadrebbe interstate 60
2%
E' molto più difficile fare funzionare una relazione che iniziarla 10 regole per farla innamorare
1%
Mi piace l’idea che qualcuno si arricchisca per quello che ha dato al mondo, non solo per chi è la sua famiglia ted lasso
1%
Nessun quiz corrispondente trovato
Distribuzione punteggi
Percentuale di utenti per punteggio
Percentile per numero di risposta
I tuoi punteggi nel tempo
Non hai fatto questo quiz